UBT Library

The politics of city-county merger : (Record no. 42818)

000 -LEADER
fixed length control field 00634cam a2200229 i 4500
001 - CONTROL NUMBER
control field 3194914
005 - DATE AND TIME OF LATEST TRANSACTION
control field 20180216075430.0
008 - FIXED-LENGTH DATA ELEMENTS--GENERAL INFORMATION
fixed length control field 780215s1977 kyu b 001 0 eng
010 ## - LIBRARY OF CONGRESS CONTROL NUMBER
LC control number 77073706
020 ## - INTERNATIONAL STANDARD BOOK NUMBER
International Standard Book Number 0813113636 :
Terms of availability $13.50
040 ## - CATALOGING SOURCE
Original cataloging agency DLC
Transcribing agency DLC
Modifying agency DLC
041 ## - LANGUAGE CODE
Language code of text/sound track or separate title eng
043 ## - GEOGRAPHIC AREA CODE
Geographic area code n-us-ky
080 ## - UNIVERSAL DECIMAL CLASSIFICATION NUMBER
Universal Decimal Classification number 320
082 00 - DEWEY DECIMAL CLASSIFICATION NUMBER
Classification number 320 LYO
100 1# - Rafti
Rafti 19
101 ## - Shkurtesa
Shkurtesa SHP
245 14 - TITLE STATEMENT
Title The politics of city-county merger :
Statement of responsibility, etc W. E. Lyons.
504 ## - BIBLIOGRAPHY, ETC. NOTE
Bibliography, etc Includes bibliographical references and index.
906 ## - LOCAL DATA ELEMENT F, LDF (RLIN)
a 7
b cbc
c orignew
d 2
e opcn
f 19
g y-gencatlg
942 ## - ADDED ENTRY ELEMENTS (KOHA)
Source of classification or shelving scheme
Item type Books
Holdings
Withdrawn status Lost status Source of classification or shelving scheme Damaged status Not for loan Collection code Permanent location Current location Shelving location Date acquired Total Checkouts Full call number Barcode Date last seen Price effective from Koha item type
          Koleksioni i përgjithshem UBT - Lipjan UBT - Lipjan Koleksioni i përgjithshem 02/16/2018   320 LYO 002-2998798 02/16/2018 02/16/2018 Books
UBT Library © 2015-2024. All rights reserved University Education for Business and Technology